| Tag |
First Indicator |
Second Indicator |
Subfields |
| LEADER |
00000ctm a2200000Ia 4500 |
| 001 |
in00000020604 |
| 005 |
20200904152411.0 |
| 008 |
880716s1987 xx a bm 000 0 eng d |
| 035 |
|
|
|a (OCoLC)ocm18228301
|
| 035 |
|
|
|9 AAB3530AM
|
| 040 |
|
|
|a TXA
|b eng
|c TXA
|d OCLCQ
|d OCLCG
|d OCLCQ
|d OCLCF
|d OCLCO
|d OCLCQ
|d UMI
|d TXA
|
| 035 |
|
|
|a (OCoLC)18228301
|
| 049 |
|
|
|a TXAM
|
| 099 |
|
|
|a 1987
|a Dissertation
|a S311
|
| 100 |
1 |
|
|a Scharrer, Joseph Kirk.
|
| 245 |
1 |
2 |
|a A comparison of experimental and theoretical results for labyrinth gas seals.
|
| 264 |
|
1 |
|c 1987.
|
| 300 |
|
|
|a xx, 213 leaves :
|b illustrations ;
|c 29 cm
|
| 336 |
|
|
|a text
|b txt
|2 rdacontent
|
| 337 |
|
|
|a unmediated
|b n
|2 rdamedia
|
| 338 |
|
|
|a volume
|b nc
|2 rdacarrier
|
| 500 |
|
|
|a Typescript (photocopy).
|
| 502 |
|
|
|b Ph. D. in Mechanical Engineering
|c Texas A & M University
|d 1987
|
| 500 |
|
|
|a Vita.
|
| 504 |
|
|
|a Includes bibliographical references (leaves 172-175).
|
| 520 |
3 |
|
|a The basic equations are derived for a two-control-volume model for compressible flow in a labyrinth seal. The flow is assumed to be completely turbulent and isoenergetic. The wall friction factors are determined using the Blasius formula. Jet flow theory is used for the calculation of the recirculation velocity in the cavity. Linearized zeroth and first-order perturbation equations are developed for small motion about a centered position by an expansion in the eccentricity ratio. The zeroth-order pressure distribution is found by satisfying the leakage equation. The circumferential velocity distribution is determined by satisfying the momentum equations. The first order equations are solved by a separation of variable solution. Integration of the resultant pressure distribution along and around the seal defines the reaction force developed by the seal and the corresponding dynamic coefficients. The results of this analysis are compared to experimental test results presented in this report. The results presented are for three teeth-on-rotor and three teeth-on-stator labyrinth seals with different radial clearances. The theory compares well with the cross-coupled stiffness data for both seal types and with the direct damping data for a teeth-on-rotor labyrinth seal. For a teeth-on-stator labyrinth seal, the test results show a decrease in direct damping for an increase in radial seal clearance, while the theory shows the opposite.
|
| 650 |
|
0 |
|a Turbomachines
|x Fluid dynamics
|x Testing.
|
| 650 |
|
0 |
|a Rotors
|x Dynamics.
|
| 650 |
|
4 |
|a Major mechanical engineering.
|
| 655 |
|
7 |
|a Academic theses
|2 lcgft
|
| 700 |
1 |
|
|a Childs, Dara,
|e degree supervisor.
|
| 700 |
1 |
|
|a Hartfiel, Darald,
|e degree committee member.
|
| 700 |
1 |
|
|a Morrison, Gerald L.,
|e degree committee member.
|
| 700 |
1 |
|
|a Nelson, Clayton C.,
|e degree committee member.
|
| 700 |
1 |
|
|a Page, Robert H.,
|e degree committee member.
|
| 710 |
2 |
|
|a Texas A & M University,
|e degree granting institution.
|
| 856 |
4 |
1 |
|x http://hdl.handle.net/1969.1/DISSERTATIONS-27019
|z Link to OAKTrust copy
|t 0
|
| 856 |
4 |
1 |
|u http://proxy.library.tamu.edu/login?url=http://proquest.umi.com/pqdweb?did=754020481&sid=1&Fmt=2&clientId=2945&RQT=309&VName=PQD
|z Link to OAKTrust copy
|t 0
|
| 994 |
|
|
|a C0
|b TXA
|
| 999 |
f |
f |
|s 2b481284-e61c-399a-9631-fa5e3127af72
|i df8bf72d-8aad-3bf1-a531-c0d1f7992755
|t 0
|
| 952 |
f |
f |
|p noncirc
|a Texas A&M University
|b J.J. Pickle Campus
|c High Density Repository
|s HDR
|d Remote Storage
|t 0
|e 1987 Dissertation S311
|h Other scheme
|i unmediated -- volume
|m A14839631110
|
| 952 |
f |
f |
|a Texas A&M University
|b College Station
|c Electronic Resources
|s www_evans
|d Available Online
|t 0
|e 1987 Dissertation S311
|h Other scheme
|
| 998 |
f |
f |
|a 1987 Dissertation S311
|t 0
|l Available Online
|
| 998 |
f |
f |
|a 1987 Dissertation S311
|t 0
|l Remote Storage
|